Bebe, vamos a comer! = (Record no. 21977)

MARC details
000 -LEADER
fixed length control field 01893cam a2200517Ii 4500
001 - CONTROL NUMBER
control field sjds2142807
003 - CONTROL NUMBER IDENTIFIER
control field sjds
005 - DATE AND TIME OF LATEST TRANSACTION
control field 20190325163837.0
008 - FIXED-LENGTH DATA ELEMENTS--GENERAL INFORMATION
fixed length control field 170717s2018 nyua b 000 1 spa d
020 ## - INTERNATIONAL STANDARD BOOK NUMBER
International Standard Book Number 9781523503186
Qualifying information (paperback)
020 ## - INTERNATIONAL STANDARD BOOK NUMBER
International Standard Book Number 1523503181
Qualifying information (paperback)
035 ## - SYSTEM CONTROL NUMBER
System control number (OCoLC)993691674
035 ## - SYSTEM CONTROL NUMBER
System control number (OCoLC)ocn993691674
035 ## - SYSTEM CONTROL NUMBER
System control number 1984476
035 ## - SYSTEM CONTROL NUMBER
System control number 1984476
040 ## - CATALOGING SOURCE
Original cataloging agency YDX
Language of cataloging eng
Description conventions rda
Transcribing agency YDX
Modifying agency BTCTA
-- OCP
-- IFA
041 1# - LANGUAGE CODE
Language code of text/sound track or separate title spa
-- eng
049 ## - LOCAL HOLDINGS (OCLC)
Holding library IFAA
099 ## - LOCAL FREE-TEXT CALL NUMBER (OCLC)
Filing suffix 2018
999 ## - SYSTEM CONTROL NUMBERS (KOHA)
Koha Dewey Subclass [OBSOLETE] ESPANOL PICTURE BOOKS LOMP 2018
100 1# - MAIN ENTRY--PERSONAL NAME
Personal name Lomp, Stephan,
Relator term author,
-- illustrator.
245 10 - TITLE STATEMENT
Title Bebe, vamos a comer! =
Remainder of title Baby, let's eat! /
Statement of responsibility, etc. Stephan Lomp.
246 31 - VARYING FORM OF TITLE
Title proper/short title Baby, let's eat!
246 3# - VARYING FORM OF TITLE
Title proper/short title Baby, let us eat!
260 ## - PUBLICATION, DISTRIBUTION, ETC. (IMPRINT)
Place of publication, distribution, etc. New York :
Name of publisher, distributor, etc. Workman Publishing Co., Inc.,
Date of publication, distribution, etc. [2018]
264 #1 - PRODUCTION, PUBLICATION, DISTRIBUTION, MANUFACTURE, AND COPYRIGHT NOTICE
Place of production, publication, distribution, manufacture New York :
Name of producer, publisher, distributor, manufacturer Workman Publishing Co., Inc.,
Date of production, publication, distribution, manufacture, or copyright notice [2018]
300 ## - PHYSICAL DESCRIPTION
Extent 1 volume (unpaged) :
Other physical details color illustrations ;
Dimensions 18 cm.
336 ## - CONTENT TYPE
Content type term text
Content type code txt
Source rdacontent
337 ## - MEDIA TYPE
Media type term unmediated
Media type code n
Source rdamedia
338 ## - CARRIER TYPE
Carrier type term volume
Carrier type code nc
Source rdacarrier
490 1# - SERIES STATEMENT
Series statement Indestructibles
500 ## - GENERAL NOTE
General note "Bilingual: Spanish and English"--Cover.
500 ## - GENERAL NOTE
General note Resiste mordidas. No se rompe. No es toxico. 100% lavable.
520 ## - SUMMARY, ETC.
Summary, etc. Explora un arco iris de alimentos deliciosos en un libro que es indestructible.
520 ## - SUMMARY, ETC.
Summary, etc. Explore the rainbow of delicious food from an indestructible book.
521 8# - TARGET AUDIENCE NOTE
Target audience note Para edades de 0 y más!
546 ## - LANGUAGE NOTE
Language note Text in Spanish and English.
650 #0 - SUBJECT ADDED ENTRY--TOPICAL TERM
Topical term or geographic name as entry element Spanish language materials
General subdivision Bilingual
Form subdivision Juvenile literature.
650 #7 - SUBJECT ADDED ENTRY--TOPICAL TERM
Topical term or geographic name as entry element Materiales bilingues en espanol
Form subdivision Literatura juvenil.
Source of heading or term bidex
650 #0 - SUBJECT ADDED ENTRY--TOPICAL TERM
Topical term or geographic name as entry element Infants
Form subdivision Juvenile literature.
650 #0 - SUBJECT ADDED ENTRY--TOPICAL TERM
Topical term or geographic name as entry element Food
Form subdivision Juvenile literature.
650 #7 - SUBJECT ADDED ENTRY--TOPICAL TERM
Topical term or geographic name as entry element Ninos lactantes
Form subdivision Literatura juvenil.
Source of heading or term bidex
650 #7 - SUBJECT ADDED ENTRY--TOPICAL TERM
Topical term or geographic name as entry element Alimentos
Form subdivision Literatura juvenil.
Source of heading or term bidex
830 #0 - SERIES ADDED ENTRY--UNIFORM TITLE
Uniform title Indestructibles.
942 ## - ADDED ENTRY ELEMENTS (KOHA)
Koha item type Libro/Book
Holdings
Withdrawn status Lost status Source of classification or shelving scheme Damaged status Not for loan Home library Current library Date acquired Total Checkouts Barcode Date last seen Price effective from Koha item type Full call number
          Las Brisas 2 -- Satellite Las Brisas 2 -- Satellite 22/07/2020   40102214 22/07/2020 22/07/2020 Libro/Book JI
    Dewey Decimal Classification     Monte Cristo -- Satellite Monte Cristo -- Satellite 06/06/2019   40201570 06/06/2019 06/06/2019 Libro/Book  

Powered by Koha